<?xml version="1.0" encoding="UTF-8"?>
<collection xmlns="http://www.loc.gov/MARC21/slim">
 <record>
  <leader>00372pamaa2200133   4500</leader>
  <controlfield tag="001">0000024473</controlfield>
  <controlfield tag="005">20061012090000.0</controlfield>
  <datafield tag="020" ind1="0" ind2="0">
   <subfield code="a">0850318513 </subfield>
  </datafield>
  <datafield tag="090" ind1="0" ind2="0">
   <subfield code="a">PR6057.O55 </subfield>
   <subfield code="b">GOO 1988</subfield>
  </datafield>
  <datafield tag="245" ind1="0" ind2="4">
   <subfield code="a">The Vintage car murders  </subfield>
   <subfield code="c">edited by Jonathan Goodman.</subfield>
  </datafield>
  <datafield tag="260" ind1="0" ind2="0">
   <subfield code="a">London: </subfield>
   <subfield code="b">Allison &amp; Busby Book, </subfield>
   <subfield code="c">1988.</subfield>
  </datafield>
  <datafield tag="300" ind1=" " ind2=" ">
   <subfield code="a">217p.: </subfield>
   <subfield code="b">ill.; </subfield>
   <subfield code="c">22cm.</subfield>
  </datafield>
  <datafield tag="650" ind1="0" ind2="0">
   <subfield code="a">Fiction </subfield>
  </datafield>
  <datafield tag="700" ind1="1" ind2="1">
   <subfield code="a">Goodman, </subfield>
   <subfield code="h">Jonathan </subfield>
  </datafield>
 </record>
</collection>
